Sports Quiz

Random Sports or Clickable Quiz

WWE Finishers Quiz Stats

 Plays Quiz not verified by Sporcle

Challenge
Share
Tweet
Embed
Score 0/44 Timer 10:00
0 Plays Today
% Correct
619
73.7%
Accolade
69.9%
STF
68.4%
Twist of Fate
64.7%
Bull Hammer
63.9%
Million Dollar Dream
63.9%
Cobra Strike
63.2%
Lion Tamer
60.9%
Killswitch
60.9%
Running Knee
60.2%
Cross Armbreaker
57.9%
Black Widow
57.9%
Patriot Lock
57.9%
Old School
56.4%
Kimura Lock
56.4%
Rude Awakening
55.6%
Final Cut
54.9%
Broski Boot
54.9%
Chick Kick
54.1%
Anaconda Vice
53.4%
Axe Kick
53.4%
PTO
52.6%
% Correct
Tadpole Splash
50.4%
Moonsault
50.4%
Lie Detector
48.1%
Celtic Cross
48.1%
Lasso From El Passo
47.4%
Diving Headbutt
46.6%
Bionic Elbow
45.9%
Corporate Elbow
44.4%
Dark Matter
43.6%
Rump Shaker
40.6%
La Mistica
39.8%
Vise Grip
36.8%
Downward Spiral
35.3%
Diving Fist Drop
33.8%
Cloverleaf
31.6%
Sitdown Splash
28.6%
Air Africa
28.6%
Splat
26.3%
Ichiban
26.3%
Knee Trembler
24.1%
Stump Puller
24.1%
Taste of Pain
22.6%

You're not logged in!

Compare scores with friends on all Sporcle quizzes.
OR
Log In

You Might Also Like...

Show Comments

Extras

Top Quizzes Today


Score Distribution

Your Account Isn't Verified!

In order to create a playlist on Sporcle, you need to verify the email address you used during registration. Go to your Sporcle Settings to finish the process.

Report this User

Report this user for behavior that violates our Community Guidelines.

Details: